[Event "Thüringenliga 2024/25"]
[Site "?"]
[Date "2025.03.30"]
[Round "7.3"]
[White "Liedmann, Matthias"]
[Black "Goemann, Jens"]
[Result "1/2-1/2"]
[WhiteElo "2050"]
[BlackElo "2035"]
[PlyCount "92"]
[EventDate "2024.09.15"]
[EventType "team-tourn"]
[EventRounds "9"]
[WhiteTeam "Ilmenauer SV"]
[BlackTeam "TSG Apolda"]

{[%evp 0,92,26,-10,11,-13,37,37,23,20,13,-4,15,25,30,33,37,34,21,39,13,7,2,0,-2,-15,7,3,27,34,36,-27,-27,-20,0,24,-6,-13,19,51,49,49,50,49,38,55,76,41,61,61,66,37,48,48,34,34,28,35,24,27,27,43,37,37,19,7,7,-1,0,-24,-14,-43,-27,-67,-67,-71,-23,-15,-15,-17,-5,-10,0,-2,0,0,0,-4,12,-4,-4,-10,0,0,6]} 1. c4 Nf6 2. Nc3 g6 3. Nf3 Bg7 4. g3 O-O 5. Bg2 d6 6. O-O c6 7. d3 e5 8. Bd2 Re8 9. Rb1 a5 10. a3 Nbd7 11. b4 axb4 12. axb4 Nf8 13. Qc1 d5 14. cxd5 cxd5 15. Nb5 Bg4 16. Qc7 Ra2 17. Ra1 Rxa1 18. Rxa1 e4 19. Qxd8 Rxd8 20. Nfd4 Ne6 21. h3 Nxd4 22. Nxd4 Bd7 23. Ra7 Ne8 24. Be3 Nd6 25. Nb3 f5 26. Bc5 Bc6 27. Na5 Nb5 28. Nxc6 bxc6 29. Ra6 Rc8 30. dxe4 fxe4 31. e3 Bf8 32. Bxf8 Kxf8 33. Bf1 Nd6 34. Rb6 Ke7 35. Ba6 Rc7 36. Rb8 Ra7 37. Be2 Rb7 38. Rxb7+ Nxb7 39. Kf1 Nd8 40. Ke1 Kd6 41. Kd2 Nf7 42. Kc3 Ng5 43. Bf1 Ke5 44. Bg2 Ne6 45. Bf1 Kd6 46. Be2 Ke5 1/2-1/2

[Event "Thüringenliga 2024/25"]
[Site "?"]
[Date "2025.03.30"]
[Round "7.4"]
[White "Rohmeiß, Roberto"]
[Black "Rauch, Arwid"]
[Result "1-0"]
[WhiteElo "1970"]
[BlackElo "1732"]
[PlyCount "79"]
[EventDate "2024.09.15"]
[EventType "team-tourn"]
[EventRounds "9"]
[WhiteTeam "TSG Apolda"]
[BlackTeam "Ilmenauer SV"]

{[%evp 0,79,26,26,27,9,26,8,39,36,55,55,43,-25,-2,-116,-103,-97,-97,-97,-85,-128,-100,-124,-100,-118,-118,-130,-139,-124,-117,-132,-126,-259,-161,-123,-115,-126,-156,-209,-167,-157,-84,-105,-104,-88,-81,-81,-16,-3,0,0,0,0,6,21,25,20,23,38,66,45,38,53,139,114,133,114,136,172,258,250,245,253,288,287,314,337,352,363,391,386]} 1. d4 d5 2. c4 dxc4 3. Nf3 a6 4. e4 b5 5. a4 Bb7 6. Qc2 Nc6 7. Be3 Nb4 8. Qd2 e6 9. Nc3 Nf6 10. Bg5 Be7 11. Bxf6 gxf6 12. Be2 c5 13. O-O cxd4 14. Qxd4 Qxd4 15. Nxd4 Rd8 16. Rad1 Bc5 17. Nf3 Nd3 18. axb5 axb5 19. b3 b4 20. Na4 Bxf2+ 21. Rxf2 Nxf2 22. Kxf2 Rxd1 23. Bxd1 c3 24. Nc5 Ba8 25. Bc2 Ke7 26. Na6 e5 27. Nxb4 Rb8 28. Na2 Rc8 29. Ke3 Bb7 30. Ne1 Kd6 31. Bd3 h5 32. Bc4 f5 33. exf5 Bd5 34. Kd3 e4+ 35. Kd4 Bxc4 36. bxc4 c2 37. Nxc2 Rc5 38. Ne3 Ra5 39. Nc3 Ra1 40. Nxe4+ 1-0

[Event "Thüringenliga 2024/25"]
[Site "?"]
[Date "2025.03.30"]
[Round "7.5"]
[White "Ortlepp, Steffen"]
[Black "Kroh, Christian"]
[Result "0-1"]
[WhiteElo "1823"]
[BlackElo "1808"]
[PlyCount "100"]
[EventDate "2024.09.15"]
[EventType "team-tourn"]
[EventRounds "9"]
[WhiteTeam "Ilmenauer SV"]
[BlackTeam "TSG Apolda"]

{[%evp 0,100,26,11,64,45,45,35,35,25,46,48,56,53,59,52,52,62,53,48,39,38,50,17,13,17,14,14,21,5,14,24,20,19,19,27,25,-8,-6,-1,1,-26,2,-33,-9,-1,11,0,0,0,9,-4,12,-41,0,0,4,-40,1,8,42,-32,-27,-27,-30,-101,-106,-107,-107,-119,-111,-107,-93,-97,-105,-106,-95,-103,-92,-92,-88,-99,-93,-113,-111,-114,-125,-119,-114,-115,-115,-110,-127,-143,-122,-122,-141,-145,-118,-187,-179,-209,-232]} 1. e4 c6 2. Nc3 d5 3. Nf3 dxe4 4. Nxe4 Nd7 5. d4 Ngf6 6. Bd3 Nxe4 7. Bxe4 Nf6 8. Bd3 Bg4 9. c3 e6 10. h3 Bh5 11. Bf4 Bd6 12. Bxd6 Qxd6 13. O-O O-O 14. Be2 Rfd8 15. Ne5 Bxe2 16. Qxe2 Qc7 17. Rfe1 Rd5 18. Ng4 Nxg4 19. Qxg4 Rad8 20. Qg3 Qb6 21. Re2 Qb5 22. Rae1 h6 23. b3 Qa5 24. b4 Qa6 25. Qe3 Qc4 26. Qc1 a6 27. Qb2 Rg5 28. Kh1 Qd5 29. f4 Rg3 30. Re3 Rxe3 31. Rxe3 Qf5 32. g3 Qxh3+ 33. Kg1 Rd5 34. Qg2 Qf5 35. Qe4 Qg4 36. Qf3 Qf5 37. Qe4 Qg4 38. Qf3 Qxf3 39. Rxf3 Kf8 40. Kf1 Ke7 41. g4 h5 42. g5 g6 43. Ke2 f6 44. gxf6+ Kxf6 45. Rg3 h4 46. Rh3 Rh5 47. Ke3 Kf5 48. Kf3 b5 49. Rh1 h3 50. Rh2 Rh7 0-1

[Event "Thüringenliga 2024/25"]
[Site "?"]
[Date "2025.03.30"]
[Round "7.6"]
[White "Maiwald, Harald"]
[Black "Schenk, Stefan"]
[Result "1/2-1/2"]
[WhiteElo "1923"]
[BlackElo "1890"]
[PlyCount "60"]
[EventDate "2024.09.15"]
[EventType "team-tourn"]
[EventRounds "9"]
[WhiteTeam "TSG Apolda"]
[BlackTeam "Ilmenauer SV"]

{[%evp 0,60,26,14,53,14,7,18,37,10,13,32,19,6,13,19,5,3,3,17,28,31,13,13,43,43,61,25,74,69,87,72,72,63,80,86,112,97,91,72,94,94,89,104,94,75,56,64,69,51,75,14,40,33,19,8,9,-2,-2,3,49,13,22]} 1. Nf3 c5 2. g3 Nf6 3. Bg2 g6 4. O-O Bg7 5. c4 O-O 6. Nc3 Nc6 7. d4 cxd4 8. Nxd4 Qb6 9. Nb3 d6 10. Bg5 Be6 11. Nd5 Bxd5 12. cxd5 Nb4 13. Be3 Qd8 14. Qd2 Na6 15. Rac1 Qd7 16. Bd4 Qf5 17. e4 Qd7 18. e5 dxe5 19. Bxe5 Rac8 20. Qd4 Rfd8 21. d6 b6 22. dxe7 Qxe7 23. Rxc8 Rxc8 24. Rd1 Re8 25. Bd6 Qe6 26. Qa4 Rd8 27. Qxa6 Rxd6 28. Rxd6 Qxd6 29. Qxa7 Nd7 30. Qa8+ Nf8 1/2-1/2

[Event "Thüringenliga 2024/25"]
[Site "?"]
[Date "2025.03.30"]
[Round "7.7"]
[White "Michael, Torsten"]
[Black "Bodling, Florian"]
[Result "1/2-1/2"]
[WhiteElo "1747"]
[BlackElo "1787"]
[PlyCount "109"]
[EventDate "2024.09.15"]
[EventType "team-tourn"]
[EventRounds "9"]
[WhiteTeam "Ilmenauer SV"]
[BlackTeam "TSG Apolda"]

{[%evp 0,109,26,11,45,40,66,54,54,61,59,9,55,34,73,58,96,48,77,52,76,34,33,18,24,16,14,-1,-6,-11,7,5,-2,2,10,2,26,8,154,160,135,151,161,112,131,153,153,159,160,198,230,99,102,112,129,114,121,121,117,116,116,23,20,-6,0,0,0,-8,89,78,91,75,127,125,122,117,145,141,133,126,137,126,126,124,124,129,138,137,156,132,143,151,150,150,150,150,158,161,157,156,157,157,157,158,158,158,158,158,158,158,185,167]} 1. e4 d5 2. exd5 Qxd5 3. Nc3 Qa5 4. d4 Nf6 5. Bd3 Bg4 6. Nge2 e6 7. Bd2 c6 8. h3 Bh5 9. Ne4 Qd8 10. N4g3 Bg6 11. Bxg6 hxg6 12. c4 Bd6 13. Bc3 Nbd7 14. Qb3 Qb6 15. O-O O-O 16. Rfd1 Rfd8 17. Qc2 c5 18. Qd2 Rac8 19. Ba5 Qa6 20. Bxd8 Rxd8 21. b3 cxd4 22. Nxd4 Bxg3 23. fxg3 Ne4 24. Qe3 Ndf6 25. Ne2 Rxd1+ 26. Rxd1 Qxa2 27. g4 Qc2 28. Rc1 Qd2 29. Qxd2 Nxd2 30. Rc2 Nxb3 31. Rb2 Nc5 32. Nc3 Nfd7 33. Nb5 a6 34. Nd6 b6 35. Nc8 b5 36. cxb5 axb5 37. Rxb5 Kf8 38. Nb6 Nxb6 39. Rxb6 Ke7 40. Rc6 Ne4 41. Rc7+ Kf6 42. Kf1 g5 43. Ke2 Kg6 44. Rc6 Nf6 45. Kf3 Nd5 46. g3 Kf6 47. Ra6 Ne7 48. Ke4 Nd5 49. Rd6 Nc3+ 50. Ke3 Nd5+ 51. Kd4 Ne7 52. Ke4 Ng6 53. Ra6 Ne7 54. Rd6 g6 55. Ra6 1/2-1/2

[Event "Landesklasse Ost 2024/25"]
[Site "?"]
[Date "2025.03.30"]
[Round "7.2"]
[White "Dietrich, Mareike"]
[Black "Naundorf, Johannes"]
[Result "0-1"]
[WhiteElo "1758"]
[BlackElo "1932"]
[PlyCount "162"]
[EventDate "2024.09.15"]
[EventType "team-tourn"]
[EventRounds "9"]
[WhiteTeam "SV Empor Erfurt 2"]
[BlackTeam "Meuselwitzer SV"]

1. e4 Nf6 2. e5 Nd5 3. d4 d6 4. c4 Nb6 5. exd6 exd6 6. Nc3 Bf5 7. Be2 Nc6 8. d5 Ne5 9. f4 Ng6 10. Nf3 Nh4 11. O-O Nxf3+ 12. Rxf3 Be7 13. Be3 O-O 14. Bd4 Bf6 15. Rg3 Re8 16. Qd2 Nd7 17. Rf1 Nc5 18. Kh1 Ne4 19. Nxe4 Rxe4 20. Bxf6 Qxf6 21. b3 Rae8 22. Bd3 R4e7 23. Bxf5 Qxf5 24. Qd4 f6 25. Rgf3 b6 26. h3 a5 27. a4 Qc2 28. Qd3 Qxd3 29. Rxd3 Re2 30. Rdf3 Rb2 31. R1f2 Re1+ 32. Kh2 Rbb1 33. Kg3 Kf7 34. Rd2 Re4 35. Rdd3 Rbe1 36. Rf2 Kg6 37. Rff3 h5 38. Rf2 Kf5 39. Rdf3 Re8 40. Kh4 g6 41. Kg3 R8e3 42. Kh4 Re7 43. Kg3 Rh7 44. Kh4 Re4 45. Kg3 h4+ 46. Kh2 Rhe7 47. Kg1 Re1+ 48. Rf1 Rxf1+ 49. Kxf1 Re4 50. g4+ hxg3 51. Rxg3 Rxf4+ 52. Ke2 g5 53. Kd3 Kg6 54. Re3 Kf7 55. Rg3 Rh4 56. Kc2 Re4 57. Kd3 Re1 58. Kd2 Re7 59. Kd3 Kg6 60. h4 Kh5 61. hxg5 fxg5 62. Rh3+ Kg4 63. Rh8 Kg3 64. Rg8 g4 65. Kc3 Kf3 66. Rf8+ Kg2 67. b4 axb4+ 68. Kxb4 g3 69. Kb5 Rg7 70. Kc6 Kh1 71. Rh8+ Kg1 72. Rc8 g2 73. Rxc7 Rxc7+ 74. Kxc7 Kf1 75. Kxd6 g1=Q 76. Kc6 Qc5+ 77. Kd7 Qxc4 78. d6 Qxa4+ 79. Kc7 b5 80. d7 Qa7+ 81. Kc6 Qxd7+ 0-1

[Event "Landesklasse Ost 2024/25"]
[Site "?"]
[Date "2025.03.30"]
[Round "7.3"]
[White "Barth, Jürgen"]
[Black "Bethge, Johanna"]
[Result "1/2-1/2"]
[WhiteElo "1839"]
[BlackElo "1791"]
[PlyCount "116"]
[EventDate "2024.09.15"]
[EventType "team-tourn"]
[EventRounds "9"]
[WhiteTeam "Meuselwitzer SV"]
[BlackTeam "SV Empor Erfurt 2"]

1. e4 c5 2. Nf3 d6 3. d4 cxd4 4. Nxd4 Nf6 5. Nc3 a6 6. Be2 e6 7. a3 Qc7 8. O-O b5 9. Bf3 Bb7 10. Qe2 Nbd7 11. Bg5 Be7 12. a4 b4 13. Na2 d5 14. exd5 Bxd5 15. Bxd5 Nxd5 16. Bxe7 Kxe7 17. Rfe1 N7f6 18. Rac1 Rhc8 19. c4 bxc3 20. Nxc3 Nxc3 21. Rxc3 Qb6 22. Qc2 Rxc3 23. Qxc3 Kf8 24. h3 Nd5 25. Qc6 Rd8 26. Qxb6 Nxb6 27. Nc6 Rd6 28. Ne5 Nxa4 29. b3 Nc5 30. b4 Nd7 31. Nf3 Nf6 32. Rc1 Nd5 33. Rc4 Rb6 34. Ne5 Ke7 35. Kf1 f6 36. Nd3 Kd6 37. Ke2 e5 38. f3 Rc6 39. Nc5 Nf4+ 40. Kd2 f5 41. g4 g6 42. h4 Ne6 43. Nb7+ Kd7 44. Na5 Rd6+ 45. Ke1 Nd4 46. Kf2 Rb6 47. f4 fxg4 48. fxe5 Nc6 49. Nxc6 Rxc6 50. Rxg4 Ke6 51. Re4 Rc3 52. Kg2 Rd3 53. h5 Rd5 54. hxg6 hxg6 55. Re2 Rxe5 56. Ra2 Rb5 57. Rxa6+ Kf7 58. Ra4 Ke6 1/2-1/2

[Event "Landesklasse Ost 2024/25"]
[Site "?"]
[Date "2025.03.30"]
[Round "7.4"]
[White "Finke, Daniel"]
[Black "Sniegowski, Richard"]
[Result "1/2-1/2"]
[WhiteElo "1710"]
[BlackElo "1836"]
[PlyCount "45"]
[EventDate "2024.09.15"]
[EventType "team-tourn"]
[EventRounds "9"]
[WhiteTeam "SV Empor Erfurt 2"]
[BlackTeam "Meuselwitzer SV"]

1. e4 c6 2. Nc3 d5 3. Nf3 Bg4 4. h3 Bxf3 5. Qxf3 e6 6. g3 Nf6 7. Bg2 Be7 8. O-O O-O 9. Qe2 Na6 10. d3 Qb6 11. Kh1 d4 12. Nd1 c5 13. f4 Nc7 14. g4 e5 15. g5 Nd7 16. f5 f6 17. g6 h6 18. Qh5 Rfc8 19. Nf2 Bf8 20. Rg1 Ne8 21. Bf3 Qd8 22. Ng4 Qe7 23. Bd2 1/2-1/2

[Event "Landesklasse Ost 2024/25"]
[Site "?"]
[Date "2025.03.30"]
[Round "7.5"]
[White "Große, Frank"]
[Black "Geletzke, Hannah"]
[Result "1/2-1/2"]
[WhiteElo "1769"]
[BlackElo "1741"]
[PlyCount "21"]
[EventDate "2024.09.15"]
[EventType "team-tourn"]
[EventRounds "9"]
[WhiteTeam "Meuselwitzer SV"]
[BlackTeam "SV Empor Erfurt 2"]

1. e4 c5 2. Bb5 a6 3. Bc4 e6 4. c3 Nf6 5. e5 Nd5 6. Nf3 d6 7. d4 cxd4 8. cxd4 Be7 9. O-O O-O 10. Qe2 Nc6 11. Rd1 1/2-1/2

[Event "Landesklasse Ost 2024/25"]
[Site "?"]
[Date "2025.03.30"]
[Round "7.6"]
[White "Schulz, Theresa Charlotte"]
[Black "Schmidt, Jörg"]
[Result "1/2-1/2"]
[WhiteElo "1771"]
[BlackElo "1702"]
[PlyCount "131"]
[EventDate "2024.09.15"]
[EventType "team-tourn"]
[EventRounds "9"]
[WhiteTeam "SV Empor Erfurt 2"]
[BlackTeam "Meuselwitzer SV"]

1. e4 e5 2. Nf3 Nc6 3. d4 exd4 4. Bc4 Be7 5. O-O d6 6. Re1 Ne5 7. Nxe5 dxe5 8. Qh5 g6 9. Qxe5 f6 10. Qb5+ Kf8 11. Qb3 Kg7 12. Bf4 Bd6 13. e5 fxe5 14. Bxe5+ Nf6 15. Nd2 Bxe5 16. Rxe5 Re8 17. f4 Ng4 18. Rxe8 Qxe8 19. Nf3 Qe3+ 20. Qxe3 Nxe3 21. Bb3 c5 22. Re1 Bg4 23. Ne5 Bf5 24. Re2 b5 25. c4 bxc4 26. Nxc4 Bd3 27. Rxe3 dxe3 28. Nxe3 Rb8 29. Kf2 c4 30. Nxc4 Bxc4 31. Bxc4 Rxb2+ 32. Kf3 Kf6 33. h3 Rc2 34. Bb3 Rc3+ 35. Kf2 Kf5 36. g3 Ke4 37. Bd1 a5 38. Bb3 Kd4 39. Bg8 h6 40. Bf7 Rc6 41. Kf3 Rf6 42. Bb3 h5 43. Bc2 Rc6 44. Bb3 Rc3+ 45. Kf2 Ke4 46. Bd1 h4 47. gxh4 Kxf4 48. Kg2 Rd3 49. Bb3 Rd2+ 50. Kf1 Kf3 51. Ke1 Rd6 52. Bd1+ Kg3 53. Bg4 Kxh4 54. Ke2 Kg3 55. Ke3 Rf6 56. Kd4 Rf4+ 57. Kc5 Rxg4 58. hxg4 Kxg4 59. Kb5 a4 60. Kxa4 Kf4 61. Kb5 g5 62. a4 g4 63. a5 g3 64. a6 g2 65. a7 g1=Q 66. a8=Q 1/2-1/2

[Event "Landesklasse Ost 2024/25"]
[Site "?"]
[Date "2025.03.30"]
[Round "7.7"]
[White "Ignatova, Gabriela"]
[Black "Niederdorfer, Mathias"]
[Result "1/2-1/2"]
[WhiteElo "1555"]
[BlackElo "1678"]
[PlyCount "36"]
[EventDate "2024.09.15"]
[EventType "team-tourn"]
[EventRounds "9"]
[WhiteTeam "Meuselwitzer SV"]
[BlackTeam "SV Empor Erfurt 2"]

1. e4 d5 2. exd5 Qxd5 3. Nc3 Qd6 4. d4 Nf6 5. Nf3 c6 6. Bc4 Bg4 7. Be3 e6 8. h3 Bh5 9. g4 Bg6 10. Nh4 Qb4 11. Nxg6 hxg6 12. Bb3 Ne4 13. Qd3 Nxc3 14. Qxc3 Qxc3+ 15. bxc3 Nd7 16. O-O-O Ba3+ 17. Kb1 b5 18. Bc1 Bxc1 1/2-1/2

[Event "Landesklasse Ost 2024/25"]
[Site "?"]
[Date "2025.03.30"]
[Round "7.8"]
[White "Thiemann, Jürgen"]
[Black "Schmidt, Jens"]
[Result "1/2-1/2"]
[WhiteElo "1638"]
[BlackElo "1721"]
[PlyCount "66"]
[EventDate "2024.09.15"]
[EventType "team-tourn"]
[EventRounds "9"]
[WhiteTeam "SV Empor Erfurt 2"]
[BlackTeam "Meuselwitzer SV"]

1. d4 d5 2. Nf3 Nf6 3. c4 c6 4. cxd5 cxd5 5. Nc3 Nc6 6. Bf4 a6 7. e3 Bg4 8. Be2 e6 9. a3 Be7 10. b4 O-O 11. O-O Nh5 12. Bg3 Nxg3 13. hxg3 Rc8 14. Na4 Rc7 15. Qd2 Bd6 16. Nh4 Bxe2 17. Qxe2 Qe7 18. Nb6 Na7 19. Rfc1 Nc8 20. Na4 b5 21. Nc5 Rc6 22. Nf3 Bb8 23. Rc2 f6 24. Rac1 Nd6 25. e4 dxe4 26. Nxe4 Rxc2 27. Rxc2 Nc4 28. Rc3 Rd8 29. Nc5 Rd6 30. a4 Ba7 31. a5 Qf7 32. Qe4 g6 33. g4 Bb8 1/2-1/2

[Event "Landesklasse Ost 2024/25"]
[Site "?"]
[Date "2025.03.30"]
[Round "7.1"]
[White "Günther, Andreas"]
[Black "Schulz, Phillip"]
[Result "1/2-1/2"]
[WhiteElo "2110"]
[BlackElo "1974"]
[PlyCount "42"]
[EventDate "2024.09.15"]
[EventType "team-tourn"]
[EventRounds "9"]
[WhiteTeam "SSV Vimaria 91 Weimar 2"]
[BlackTeam "TV 1887 Germania Hermsdorf"]

{[%evp 0,42,27,-16,-12,-12,-16,-15,-9,4,8,19,8,6,12,8,9,4,2,-4,0,0,-9,6,-1,-14,-26,-26,-23,-37,29,-3,20,14,27,13,26,5,1,-13,-7,-30,-30,-33,-36]} 1. b3 d5 2. Bb2 e6 3. e3 Nf6 4. Nf3 Be7 5. d4 O-O 6. Bd3 c5 7. O-O Nc6 8. Nbd2 b6 9. Ne5 Bb7 10. f4 Rc8 11. c3 a6 12. Rc1 b5 13. Bb1 a5 14. Kh1 b4 15. cxb4 cxb4 16. Qe2 Qb6 17. Bd3 Nxe5 18. dxe5 Ne4 19. Nxe4 dxe4 20. Bc4 Bc5 21. Rce1 g6 1/2-1/2

[Event "Landesklasse Ost 2024/25"]
[Site "?"]
[Date "2025.03.30"]
[Round "7.2"]
[White "Wentzel, Florian"]
[Black "Gräf, Michael"]
[Result "1/2-1/2"]
[WhiteElo "2032"]
[BlackElo "1843"]
[PlyCount "128"]
[EventDate "2024.09.15"]
[EventType "team-tourn"]
[EventRounds "9"]
[WhiteTeam "TV 1887 Germania Hermsdorf"]
[BlackTeam "SSV Vimaria 91 Weimar 2"]

{[%evp 0,128,27,19,68,65,69,32,72,78,114,102,96,77,77,50,50,46,51,40,77,-19,-17,-30,-30,-33,-39,-75,-36,-17,-2,-3,22,20,20,32,24,-6,70,60,64,14,96,62,41,-13,62,51,62,72,68,70,77,31,62,57,62,52,51,31,35,27,29,38,-7,-16,-14,-15,-15,-12,-12,-16,0,-11,0,0,0,0,0,0,12,8,30,30,30,0,25,25,25,0,27,32,34,20,34,27,64,37,52,39,70,70,88,79,70,67,71,56,49,49,38,27,28,15,8,17,25,17,18,19,17,17,48,27,43,43,43,43,43,43,50]} 1. e4 c6 2. Nf3 d5 3. Nc3 Bg4 4. h3 Bh5 5. exd5 cxd5 6. g4 Bg6 7. Ne5 Nc6 8. Bb5 Qd6 9. d4 a6 10. Ba4 b5 11. Nxc6 Qxc6 12. Bb3 e6 13. Qe2 Bb4 14. Bd2 Nf6 15. a4 Bxc3 16. Bxc3 O-O 17. O-O Ne4 18. Bb4 Rfe8 19. axb5 axb5 20. Kg2 Ng5 21. f3 h5 22. Qe5 f6 23. Qd6 Qxd6 24. Bxd6 hxg4 25. hxg4 Rec8 26. c3 Nf7 27. Bb4 Nd8 28. Rfe1 Kf7 29. Kf2 Nc6 30. Bc5 Na5 31. Bd1 Nc4 32. Be2 Nxb2 33. Bxb5 Nd3+ 34. Bxd3 Bxd3 35. Ke3 Bc4 36. Reb1 Rxa1 37. Rxa1 Rc7 38. Ra8 Rb7 39. Bb4 g5 40. f4 gxf4+ 41. Kxf4 Kg6 42. Re8 Kf7 43. Rh8 Kg7 44. Rc8 Kg6 45. Rc6 Kf7 46. g5 Ra7 47. Rc8 fxg5+ 48. Kxg5 Kg7 49. Re8 Rf7 50. Rxe6 Bd3 51. Re5 Bc4 52. Kg4 Kf6 53. Kf4 Kg6+ 54. Ke3 Rf1 55. Re6+ Kf5 56. Rc6 Re1+ 57. Kf2 Re2+ 58. Kf3 Rh2 59. Kg3 Rh1 60. Rc8 Ke4 61. Re8+ Kd3 62. Kg2 Rh5 63. Kf3 Rf5+ 64. Kg4 Rf7 1/2-1/2

[Event "Landesklasse Ost 2024/25"]
[Site "?"]
[Date "2025.03.30"]
[Round "7.3"]
[White "Aweh, Mads"]
[Black "Baulig, Manuel"]
[Result "1/2-1/2"]
[WhiteElo "1785"]
[BlackElo "1909"]
[PlyCount "62"]
[EventDate "2024.09.15"]
[EventType "team-tourn"]
[EventRounds "9"]
[WhiteTeam "SSV Vimaria 91 Weimar 2"]
[BlackTeam "TV 1887 Germania Hermsdorf"]

{[%evp 0,62,27,19,37,25,26,31,41,-2,25,17,10,17,12,14,14,10,4,9,11,-4,9,3,-4,-4,26,26,34,-32,9,-3,0,0,26,21,21,36,17,4,48,27,24,31,27,0,-11,-33,0,-6,0,-27,0,-19,4,4,-5,-37,-13,-3,-1,-38,-18,-38,20]} 1. e4 e6 2. d4 d5 3. Nd2 c5 4. exd5 exd5 5. Ngf3 Nf6 6. Bb5+ Bd7 7. Bxd7+ Nbxd7 8. O-O Be7 9. dxc5 Nxc5 10. Nd4 O-O 11. c3 Re8 12. N2b3 Nfe4 13. Be3 Qd7 14. Qf3 Rad8 15. Rad1 Qa4 16. Nxc5 Bxc5 17. a3 Qa6 18. Rfe1 Qg6 19. Qf5 Qa6 20. Nf3 Bxe3 21. Rxe3 Nf6 22. Red3 Qb6 23. b4 Qe6 24. Qxe6 fxe6 25. Ne5 Rc8 26. Rc1 b5 27. f3 Re7 28. Kf2 Nd7 29. Nxd7 Rxd7 30. Ke3 Rc4 31. Rd4 Rdc7 1/2-1/2

[Event "Landesklasse Ost 2024/25"]
[Site "?"]
[Date "2025.03.30"]
[Round "7.4"]
[White "Moje, Hans-Jürgen"]
[Black "Krömer, Emanuel"]
[Result "1/2-1/2"]
[WhiteElo "1798"]
[BlackElo "1721"]
[PlyCount "133"]
[EventDate "2024.09.15"]
[EventType "team-tourn"]
[EventRounds "9"]
[WhiteTeam "TV 1887 Germania Hermsdorf"]
[BlackTeam "SSV Vimaria 91 Weimar 2"]

{[%evp 0,133,27,19,31,42,59,49,61,59,60,69,40,37,27,14,23,13,21,-6,-21,1,81,25,48,58,75,35,18,16,25,20,13,13,208,247,283,283,404,404,404,216,260,251,231,234,198,137,203,132,161,90,119,55,197,0,184,190,375,93,165,163,228,252,675,676,678,190,194,164,171,95,86,84,75,75,75,81,109,93,109,114,114,105,101,91,87,77,86,49,87,46,30,30,21,14,19,2,2,2,2,0,0,0,0,0,0,0,0,0,0,0,0,0,0,0,0,0,0,0,0,0,0,0,0,0,0,0,0,0,0,0,0,0,0,0]} 1. e4 d5 2. exd5 Qxd5 3. Nc3 Qa5 4. d4 Nf6 5. Bd2 Bg4 6. Be2 Bxe2 7. Qxe2 Nc6 8. Nf3 O-O-O 9. Be3 e5 10. dxe5 Ne4 11. O-O Nxc3 12. bxc3 Nxe5 13. Nxe5 Qxe5 14. Qg4+ f5 15. Qc4 Bd6 16. g3 b5 17. Qc6 h6 18. Rfd1 Rhe8 19. Rd5 Qe4 20. Qxb5 Re5 21. Qa6+ Kd7 22. Rxe5 Bxe5 23. Rd1+ Bd6 24. Qb5+ Ke7 25. Re1 Kf8 26. Qb3 Qf3 27. Bd4 f4 28. Qe6 fxg3 29. hxg3 Qh5 30. Bxa7 Qa5 31. Bd4 c5 32. Be5 Qc7 33. Bxd6+ Qxd6 34. Qxd6+ Rxd6 35. Re5 Ra6 36. Rxc5 Rxa2 37. Rc7 Rxc2 38. Kg2 Kg8 39. Kf3 Kh7 40. Ke3 Kg6 41. f3 h5 42. c4 Rc3+ 43. Ke4 Kf6 44. Rc5 g6 45. Kf4 g5+ 46. Ke4 h4 47. gxh4 gxh4 48. Kf4 h3 49. Kg3 h2 50. Kxh2 Rxf3 51. Kg2 Rf5 52. Rxf5+ Kxf5 53. Kf3 Ke5 54. Ke3 Kd6 55. Kd4 Kc6 56. c5 Kc7 57. Kd5 Kd7 58. Kc4 Kc6 59. Kb4 Kc7 60. Kb5 Kb7 61. c6+ Kc7 62. Kc5 Kc8 63. Kb5 Kc7 64. Kc5 Kc8 65. Kd6 Kd8 66. c7+ Kc8 67. Kc6 1/2-1/2

[Event "Landesklasse Ost 2024/25"]
[Site "?"]
[Date "2025.03.30"]
[Round "7.5"]
[White "Käckell, Oskar"]
[Black "Hadlich, Gerald"]
[Result "0-1"]
[WhiteElo "1686"]
[BlackElo "1766"]
[PlyCount "114"]
[EventDate "2024.09.15"]
[EventType "team-tourn"]
[EventRounds "9"]
[WhiteTeam "SSV Vimaria 91 Weimar 2"]
[BlackTeam "TV 1887 Germania Hermsdorf"]

{[%evp 0,114,19,31,75,40,83,80,79,72,80,53,73,57,64,47,64,45,46,48,38,19,35,-2,3,3,-4,-13,-1,16,15,8,9,-17,-35,-30,-19,-54,-13,-6,-7,-32,-31,-27,1,13,15,2,2,7,4,-28,-27,-6,-3,3,195,-27,-22,-66,-48,-85,-81,-74,-96,-76,-67,-59,-57,-71,-86,-80,0,3,16,11,-16,-17,-33,-13,-14,-18,-26,-19,-29,-24,7,-45,-50,-47,-59,-141,-112,-87,-78,-101,-126,-118,-14,-377,-419,-501,-474,-527,-527,-527,-527,-527,-547,-547,-547,-547,-547,-547,-547,-557,-527]} 1. d4 f5 2. Bg5 g6 3. e3 Bg7 4. Nf3 d6 5. c3 Nf6 6. Nbd2 O-O 7. Bc4+ e6 8. Qb3 Qe8 9. O-O Nc6 10. Qc2 Kh8 11. Bxf6 Bxf6 12. e4 e5 13. dxe5 dxe5 14. Rfe1 f4 15. Rad1 g5 16. Nb3 g4 17. Nfd2 Be7 18. f3 gxf3 19. Nxf3 Bg4 20. Rd3 Qg6 21. Bd5 Bd6 22. Qf2 a5 23. a4 Qe8 24. Qh4 Bd7 25. Ng5 Qg6 26. Nf3 Rad8 27. Kh1 b6 28. Qg5 Ne7 29. Nbd2 Nxd5 30. Rxd5 Qxg5 31. Nxg5 h6 32. Ngf3 Bc6 33. Rd3 Bxa4 34. Nc4 Bb5 35. Nfxe5 Bxc4 36. Nxc4 Be7 37. Rxd8 Rxd8 38. Ne5 Kg7 39. Nc6 Rd7 40. e5 Kf8 41. Nd4 c5 42. Nf3 b5 43. g3 fxg3 44. hxg3 a4 45. e6 Ra7 46. Ne5 Ra6 47. Ng6+ Ke8 48. Re5 b4 49. Nxe7 Kxe7 50. cxb4 cxb4 51. Rb5 a3 52. bxa3 bxa3 53. Rb1 a2 54. Ra1 Kxe6 55. Kg2 Kd5 56. Kf3 Kc4 57. Kg4 Kb3 0-1

[Event "Landesklasse Ost 2024/25"]
[Site "?"]
[Date "2025.03.30"]
[Round "7.6"]
[White "Hädrich, Dirk"]
[Black "Bemmann, Carlo"]
[Result "1/2-1/2"]
[WhiteElo "1801"]
[BlackElo "1564"]
[PlyCount "95"]
[EventDate "2024.09.15"]
[EventType "team-tourn"]
[EventRounds "9"]
[WhiteTeam "TV 1887 Germania Hermsdorf"]
[BlackTeam "SSV Vimaria 91 Weimar 2"]

{[%evp 0,95,31,28,62,45,41,38,42,25,42,49,54,54,126,64,133,52,58,34,40,33,51,18,23,19,28,13,15,18,33,34,35,-24,49,16,0,-28,-28,-27,-2,-46,-17,-102,-1,-41,-27,-29,6,10,24,-53,-45,-36,-32,-32,-40,-26,-29,-44,-41,-34,-58,-62,-69,-69,-71,-61,0,0,0,0,0,0,0,0,0,0,-11,-30,0,0,0,-10,-34,0,-12,-17,-17,-17,0,-17,-44,-44,-44,-46,-46,-46]} 1. d4 f5 2. c4 Nf6 3. Nf3 e6 4. g3 b6 5. Bg2 Bb7 6. O-O d6 7. b3 Ne4 8. Bb2 Nd7 9. Qc2 Be7 10. Nc3 O-O 11. Rad1 Nxc3 12. Bxc3 Be4 13. Qc1 h6 14. Ne1 Bxg2 15. Nxg2 Qe8 16. f4 e5 17. d5 Bf6 18. e3 Nc5 19. Qc2 Ne4 20. Bb2 a5 21. a4 g6 22. Ne1 h5 23. Nf3 Rf7 24. Nd2 Nc5 25. Nf3 exf4 26. exf4 Qe3+ 27. Kg2 Bxb2 28. Qxb2 Qxb3 29. Qxb3 Nxb3 30. Rfe1 Nc5 31. Ng5 Rd7 32. Ra1 Kf8 33. Ne6+ Nxe6 34. Rxe6 Kg7 35. Rae1 Rf7 36. Kf3 Rd8 37. h3 Rdd7 38. g4 fxg4+ 39. hxg4 hxg4+ 40. Kxg4 Rd8 41. Kg5 Rf5+ 42. Kg4 Rdf8 43. R1e4 R8f7 44. Re8 Rh5 45. R8e6 Rh1 46. Re1 Rh2 47. R1e2 Rh5 48. Re8 1/2-1/2